| 000 | 00632nam a2200229Ia 4500 | ||
|---|---|---|---|
| 001 | 3710 | ||
| 008 | 201121s1998 ii g b000 u 465 u | ||
| 020 | _a81-224-1034-0 | ||
| 082 | _a519.7 | ||
| 100 | _aShenoy, G.V. . | ||
| 245 | 0 |
_aLinear Programming: Methods and Applications / _cG.V. Shenoy. _hTextual Documents |
|
| 250 | _a2nd ed. / | ||
| 260 |
_aNew Delhi : _bWiley Eastern , _c1998. |
||
| 300 |
_a223p. ; _c23cm. |
||
| 504 | _aIndex | ||
| 653 | _aMathematics-Linear Programming | ||
| 653 | _aLinear Programming | ||
| 653 | _aPG-Mathematics | ||
| 653 | _aG-Mathematics | ||
| 653 | _aT/G-Mathematics | ||
| 942 |
_2ddc _cBK |
||
| 999 |
_c3698 _d3698 |
||